| Tag |
First Indicator |
Second Indicator |
Subfields |
| LEADER |
00000cas a2200000 4500 |
| 001 |
in00000445689 |
| 005 |
20151012084702.0 |
| 008 |
730516d19uu1975gw uu 1 0eng |
| 010 |
|
|
|a 73640994
|
| 035 |
|
|
|a (OCoLC)01784936
|
| 035 |
|
|
|9 ABY1862AM
|
| 037 |
|
|
|b (Instrument Society of America) 400 Stanwyx St., Pittsburgh, Pa., 15222
|
| 040 |
|
|
|a DLC
|c DLC
|d DLC
|d NST
|d UtOrBLW
|
| 042 |
|
|
|a lc
|
| 049 |
|
|
|a TXAE
|
| 050 |
0 |
0 |
|a TJ212
|b .I537
|
| 082 |
0 |
|
|a 629.8
|
| 110 |
2 |
|
|a International Federation of Automatic Control.
|
| 245 |
1 |
0 |
|a Proceedings of the IFAC world congress.
|
| 264 |
|
1 |
|a [Düsseldorf?]
|b [publisher not identified] ;
|
| 300 |
|
|
|b illustrations ;
|c 29 cm.
|
| 336 |
|
|
|a text
|b txt
|2 rdacontent
|
| 337 |
|
|
|a unmediated
|b n
|2 rdamedia
|
| 338 |
|
|
|a volume
|b nc
|2 rdacarrier
|
| 362 |
1 |
|
|a Ceased with the 6th (1975).
|
| 515 |
|
|
|a Vols. For <1972-> issued in parts.
|
| 550 |
|
|
|a Distributed by Instrument Society of America, Pittsburgh, Pa.
|
| 580 |
|
|
|a Continues its Automatic and remote control; proceedings of the congress.
|
| 580 |
|
|
|a 7th (1978)- continued by separately cataloged monographs.
|
| 650 |
|
0 |
|a Automatic control
|v Congresses.
|
| 650 |
|
0 |
|a Remote control
|v Congresses.
|
| 780 |
0 |
0 |
|t Automatic and remote control; proceedings of the congress.
|
| 785 |
0 |
1 |
|a International Federation of Automatic Control.
|t Proceedings of the ... triennial world congress of the International Federation of Automatic Control.
|
| 948 |
|
|
|a t2. Title 3- is being cataloged as monographs. WPA/jas.12/95
|
| 999 |
|
|
|a MARS
|
| 999 |
f |
f |
|s 966e6bf6-63bd-3040-b1d2-210530186788
|i 2846081c-5239-3071-b9c5-bc0cf50ba7f6
|t 0
|
| 952 |
f |
f |
|p ric
|a Texas A&M University
|b Rellis Campus
|c Joint Library Facility
|d Remote Storage
|t 0
|e TJ212 .I537
|h Library of Congress classification
|i unmediated -- volume
|k 6th:pt.3
|l 1975
|m A14809687042
|
| 952 |
f |
f |
|p ric
|a Texas A&M University
|b Rellis Campus
|c Joint Library Facility
|d Remote Storage
|t 0
|e TJ212 .I537
|h Library of Congress classification
|i unmediated -- volume
|k 5th:pt.1
|l 1972
|m A14809687084
|
| 952 |
f |
f |
|p ric
|a Texas A&M University
|b Rellis Campus
|c Joint Library Facility
|d Remote Storage
|t 0
|e TJ212 .I537
|h Library of Congress classification
|i unmediated -- volume
|k 5th:pt.2
|l 1972
|m A14809687092
|
| 952 |
f |
f |
|p ric
|a Texas A&M University
|b Rellis Campus
|c Joint Library Facility
|d Remote Storage
|t 0
|e TJ212 .I537
|h Library of Congress classification
|i unmediated -- volume
|k 6th:pt.1
|l 1975
|m A14813811815
|
| 952 |
f |
f |
|p ric
|a Texas A&M University
|b Rellis Campus
|c Joint Library Facility
|d Remote Storage
|t 0
|e TJ212 .I537
|h Library of Congress classification
|i unmediated -- volume
|k 5th:pt.3
|l 1972
|m A14809687123
|
| 952 |
f |
f |
|p ric
|a Texas A&M University
|b Rellis Campus
|c Joint Library Facility
|d Remote Storage
|t 0
|e TJ212 .I537
|h Library of Congress classification
|i unmediated -- volume
|k 6th:pt.2
|l 1975
|m A14818721112
|
| 952 |
f |
f |
|p ric
|a Texas A&M University
|b Rellis Campus
|c Joint Library Facility
|d Remote Storage
|t 0
|e TJ212 .I537
|h Library of Congress classification
|i unmediated -- volume
|k 6th:pt.4
|l 1975
|m A14809687076
|
| 952 |
f |
f |
|p ric
|a Texas A&M University
|b Rellis Campus
|c Joint Library Facility
|d Remote Storage
|t 0
|e TJ212 .I537
|h Library of Congress classification
|i unmediated -- volume
|k 5th:pt.4
|l 1972
|m A14811247159
|
| 998 |
f |
f |
|a TJ212 .I537
|s 5th (1972)-6th (1975)
|t 0
|l Remote Storage
|